[Event "MP do 16 lat - chlopcy"]
[Site "Sypniewo"]
[Date "2022.03.24"]
[Round "6.15"]
[White "Taranowicz, Michal"]
[Black "Pancewicz, Szymon"]
[Result "1/2-1/2"]
[BlackElo "1814"]
[WhiteElo "1965"]
[LiveChessVersion "1.4.8"]

1. e4 {[%clk 1:30:58]} c5 {[%clk 1:30:19]} 2. Nf3 {[%clk 1:31:23]} e6
{[%clk 1:30:39]} 3. b3 {[%clk 1:31:48]} Nc6 {[%clk 1:26:13]} 4. d4
{[%clk 1:30:07]} cxd4 {[%clk 1:24:02]} 5. Nxd4 {[%clk 1:30:32]} Nf6
{[%clk 1:22:39]} 6. Nxc6 {[%clk 1:30:25]} bxc6 {[%clk 1:21:41]} 7. Nd2
{[%clk 1:30:34]} Bb4 {[%clk 1:17:41]} 8. Bd3 {[%clk 1:28:18]} d5 {[%clk 1:11:23]}
9. exd5 {[%clk 1:26:26]} cxd5 {[%clk 1:08:22]} 10. O-O {[%clk 1:24:31]} Bc3
{[%clk 1:05:14]} 11. Rb1 {[%clk 1:24:55]} Qa5 {[%clk 1:03:39]} 12. a3
{[%clk 1:18:30]} O-O {[%clk 1:01:30]} 13. b4 {[%clk 1:16:40]} Qc7
{[%clk 0:59:47]} 14. Nb3 {[%clk 1:14:14]} e5 {[%clk 0:55:12]} 15. Bg5
{[%clk 1:12:29]} e4 {[%clk 0:48:43]} 16. Be2 {[%clk 1:12:21]} Bb7
{[%clk 0:46:47]} 17. Nc5 {[%clk 1:07:53]} Nd7 {[%clk 0:42:26]} 18. Be3
{[%clk 0:58:23]} Rfd8 {[%clk 0:37:25]} 19. Bd4 {[%clk 0:55:08]} Bxd4
{[%clk 0:32:39]} 20. Qxd4 {[%clk 0:55:33]} Nxc5 {[%clk 0:31:49]} 21. bxc5
{[%clk 0:55:57]} Rac8 {[%clk 0:24:53]} 22. Rfd1 {[%clk 0:48:15]} Ba8
{[%clk 0:20:51]} 23. Bg4 {[%clk 0:44:02]} Rb8 {[%clk 0:19:08]} 24. Rb4
{[%clk 0:39:18]} g6 {[%clk 0:16:21]} 25. Rdb1 {[%clk 0:35:28]} Bc6
{[%clk 0:11:45]} 26. g3 {[%clk 0:19:02]} Re8 {[%clk 0:08:19]} 27. R1b3
{[%clk 0:17:27]} Rbd8 {[%clk 0:06:50]} 28. Be2 {[%clk 0:12:02]} Qe5
{[%clk 0:02:08]} 29. a4 {[%clk 0:09:50]} Rc8 {[%clk 0:01:26]} 30. Qxe5
{[%clk 0:01:44]} Rxe5 31. Rd4 {[%clk 0:01:54]} Kg7 {[%clk 0:01:29]} 32. a5
{[%clk 0:01:17]} Kf6 {[%clk 0:00:46]} 33. Bb5 {[%clk 0:01:21]} Bxb5
{[%clk 0:00:39]} 34. Rxb5 {[%clk 0:01:46]} Rc7 {[%clk 0:00:43]} 35. Kf1
{[%clk 0:01:46]} Ke6 {[%clk 0:00:37]} 36. Ke2 {[%clk 0:01:10]} Rf5
{[%clk 0:00:43]} 37. a6 {[%clk 0:01:06]} Ke5 {[%clk 0:00:38]} 38. Rdb4
{[%clk 0:01:23]} Rf6 {[%clk 0:00:40]} 39. Ra4 {[%clk 0:01:04]} Rfc6
{[%clk 0:00:44]} 40. c4 {[%clk 0:31:00]} Rxc5 {[%clk 0:30:43]} 41. Rxc5
{[%clk 0:29:47]} Rxc5 {[%clk 0:28:56]} 42. cxd5 {[%clk 0:30:13]} Kxd5
{[%clk 0:27:04]} 43. Rb4 {[%clk 0:28:49]} Ra5 {[%clk 0:25:38]} 44. Rb7
{[%clk 0:29:14]} Rxa6 {[%clk 0:25:56]} 45. Rxf7 {[%clk 0:29:37]} h5
{[%clk 0:24:33]} 46. h4 {[%clk 0:29:32]} Ke5 {[%clk 0:23:27]} 47. Rg7
{[%clk 0:28:32]} Kf6 {[%clk 0:23:02]} 48. Rg8 {[%clk 0:28:21]} Rb6
{[%clk 0:21:28]} 49. Ke3 {[%clk 0:11:19]} Ke5 {[%clk 0:15:54]} 50. Re8+
{[%clk 0:10:49]} Re6 {[%clk 0:15:28]} 51. Ra8 {[%clk 0:09:27]} a6
{[%clk 0:14:09]} 52. Rd8 {[%clk 0:09:13]} Kf6 {[%clk 0:12:48]} 53. Rd7
{[%clk 0:08:43]} Ke5 {[%clk 0:11:25]} 54. Rd8 {[%clk 0:09:07]} Rd6
{[%clk 0:09:39]} 55. Re8+ {[%clk 0:09:07]} Kd5 {[%clk 0:09:51]} 56. Ra8
{[%clk 0:08:40]} Rf6 {[%clk 0:08:13]} 57. Rc8 {[%clk 0:08:17]} Re6
{[%clk 0:03:30]} 58. Rc7 {[%clk 0:07:17]} Kd6 {[%clk 0:03:18]} 59. Rc8
{[%clk 0:04:14]} Kd7 {[%clk 0:03:44]} 60. Rc4 {[%clk 0:04:19]} a5
{[%clk 0:02:21]} 61. Ra4 {[%clk 0:04:27]} Re5 {[%clk 0:01:24]} 62. Kd4
{[%clk 0:04:36]} Kd6 {[%clk 0:01:27]} 63. Ra2 {[%clk 0:04:24]} Ke6
{[%clk 0:00:48]} 64. Ra3 {[%clk 0:04:39]} Kf5 {[%clk 0:00:56]} 65. Ra4
{[%clk 0:03:25]} Rb5 {[%clk 0:01:04]} 66. Ke3 {[%clk 0:03:45]} Rb3+
{[%clk 0:00:54]} 67. Ke2 {[%clk 0:04:10]} Rb5 {[%clk 0:01:18]} 68. Ke3
{[%clk 0:04:34]} Rd5 {[%clk 0:01:28]} 69. Rc4 {[%clk 0:02:57]} Rd3+
{[%clk 0:01:03]} 70. Ke2 {[%clk 0:03:22]} Ke5 {[%clk 0:01:02]} 71. Ra4
{[%clk 0:03:28]} Rd5 {[%clk 0:01:15]} 72. Ke3 {[%clk 0:03:55]} Kf5
{[%clk 0:00:51]} 73. Rc4 {[%clk 0:04:11]} Rd3+ {[%clk 0:00:41]} 74. Ke2
{[%clk 0:04:33]} Ra3 {[%clk 0:00:44]} 75. Rc5+ {[%clk 0:04:06]} Kf6
{[%clk 0:00:55]} 76. Rc6+ {[%clk 0:04:22]} Kf7 {[%clk 0:00:52]} 77. Ra6
{[%clk 0:04:41]} a4 {[%clk 0:00:46]} 78. Kd2 {[%clk 0:04:04]} Rd3+
{[%clk 0:00:45]} 79. Ke2 {[%clk 0:04:29]} a3 {[%clk 0:00:45]} 80. Ra4
{[%clk 0:04:01]} Rb3 {[%clk 0:00:40]} 81. Rxe4 {[%clk 0:02:54]} Rb2+
{[%clk 0:00:40]} 82. Ke3 {[%clk 0:03:09]} a2 {[%clk 0:01:00]} 83. Ra4
{[%clk 0:03:34]} Ke6 {[%clk 0:01:17]} 84. Ra8 {[%clk 0:02:29]} Kd5
{[%clk 0:01:26]} 85. Kf4 {[%clk 0:01:55]} Rxf2+ {[%clk 0:00:44]} 86. Kg5
{[%clk 0:02:21]} Ke4 {[%clk 0:00:36]} 87. Kxg6 {[%clk 0:02:01]} Kf3
{[%clk 0:00:42]} 88. Kxh5 {[%clk 0:01:55]} Kxg3 {[%clk 0:00:43]} 89. Kg5
{[%clk 0:01:31]} Kf3 {[%clk 0:00:54]} 90. h5 {[%clk 0:01:30]} Ke4
{[%clk 0:00:40]} 91. h6 {[%clk 0:01:18]} Rg2+ {[%clk 0:00:52]} 92. Kf6
{[%clk 0:01:24]} Rf2+ {[%clk 0:01:00]} 93. Kg7 {[%clk 0:01:36]} Rg2+
{[%clk 0:01:22]} 94. Kf6 {[%clk 0:01:19]} 1/2-1/2

[Event "MP do 16 lat - chlopcy"]
[Site "Sypniewo"]
[Date "2022.03.24"]
[Round "6.16"]
[White "Wilk, Igor"]
[Black "Dziewonski, Dariusz"]
[Result "1/2-1/2"]
[BlackElo "2093"]
[WhiteElo "1753"]
[LiveChessVersion "1.4.8"]

1. e4 {[%clk 1:30:57]} e5 {[%clk 1:30:56]} 2. Nf3 {[%clk 1:31:22]} Nc6
{[%clk 1:31:22]} 3. Bc4 {[%clk 1:31:43]} Bc5 {[%clk 1:31:46]} 4. c3
{[%clk 1:32:03]} Nf6 {[%clk 1:32:11]} 5. d4 {[%clk 1:32:23]} exd4
{[%clk 1:32:34]} 6. e5 {[%clk 1:32:45]} d5 {[%clk 1:32:59]} 7. Bb5
{[%clk 1:33:11]} Ne4 {[%clk 1:33:23]} 8. cxd4 {[%clk 1:33:35]} Bb6
{[%clk 1:33:49]} 9. Nc3 {[%clk 1:33:58]} O-O {[%clk 1:34:08]} 10. Be3
{[%clk 1:34:18]} Bg4 {[%clk 1:34:15]} 11. h3 {[%clk 1:34:28]} Bh5
{[%clk 1:34:39]} 12. Qc2 {[%clk 1:34:45]} Bg6 {[%clk 1:35:01]} 13. Qb3
{[%clk 1:35:09]} Ne7 {[%clk 1:35:00]} 14. O-O {[%clk 1:31:57]} c6
{[%clk 1:35:22]} 15. Be2 {[%clk 1:23:45]} Nf5 {[%clk 1:28:46]} 16. Rfd1
{[%clk 1:20:07]} Nxe3 {[%clk 1:24:23]} 17. fxe3 {[%clk 1:20:30]} Kh8
{[%clk 1:19:04]} 18. Bd3 {[%clk 1:11:55]} Nxc3 {[%clk 1:11:48]} 19. Qxc3
{[%clk 1:11:26]} Bxd3 {[%clk 1:08:19]} 20. Qxd3 {[%clk 1:10:28]} f6
{[%clk 1:04:52]} 21. Rf1 {[%clk 1:05:58]} Qe7 {[%clk 0:52:29]} 22. exf6
{[%clk 0:52:39]} Rxf6 {[%clk 0:52:31]} 23. Ne5 {[%clk 0:52:57]} Raf8
{[%clk 0:50:19]} 24. Ng4 {[%clk 0:52:26]} R6f7 {[%clk 0:44:31]} 25. Rxf7
{[%clk 0:48:45]} Qxf7 {[%clk 0:44:05]} 26. Rf1 {[%clk 0:48:33]} Qxf1+
{[%clk 0:44:03]} 27. Qxf1 {[%clk 0:49:01]} Rxf1+ {[%clk 0:44:25]} 28. Kxf1
{[%clk 0:49:30]} Kg8 {[%clk 0:44:12]} 29. Ke2 {[%clk 0:46:32]} Kf7
{[%clk 0:42:35]} 30. Kd3 {[%clk 0:46:45]} h5 {[%clk 0:39:06]} 31. Ne5+
{[%clk 0:39:18]} Ke6 {[%clk 0:37:29]} 32. g4 {[%clk 0:38:50]} hxg4
{[%clk 0:34:53]} 33. hxg4 {[%clk 0:39:08]} c5 {[%clk 0:27:31]} 34. b3
{[%clk 0:38:19]} Bd8 {[%clk 0:24:21]} 35. Nf3 {[%clk 0:35:49]} Kd6
{[%clk 0:23:39]} 36. a4 {[%clk 0:29:48]} Bf6 {[%clk 0:18:23]} 37. Ne1
{[%clk 0:26:13]} Kc6 {[%clk 0:16:19]} 38. Nc2 {[%clk 0:26:02]} a6
{[%clk 0:15:20]} 39. dxc5 {[%clk 0:23:39]} Kxc5 {[%clk 0:15:40]} 40. b4+
{[%clk 0:54:01]} Kd6 {[%clk 0:43:19]} 41. Nd4 {[%clk 0:54:17]} g6
{[%clk 0:23:56]} 42. Nf3 {[%clk 0:49:17]} b6 {[%clk 0:20:08]} 43. Nd4
{[%clk 0:43:03]} Be7 {[%clk 0:18:32]} 44. b5 {[%clk 0:32:40]} a5 {[%clk 0:14:07]}
45. Nb3 {[%clk 0:28:13]} Bf6 {[%clk 0:14:01]} 46. Nd4 {[%clk 0:28:18]} Bg7
{[%clk 0:10:24]} 47. Nb3 {[%clk 0:27:55]} Be5 {[%clk 0:09:31]} 48. Nd4
{[%clk 0:28:13]} Bh8 {[%clk 0:07:27]} 49. Nb3 {[%clk 0:28:26]} Bb2
{[%clk 0:07:48]} 50. Kc2 {[%clk 0:28:15]} Ba3 {[%clk 0:08:01]} 51. Kd3
{[%clk 0:28:33]} Ke5 {[%clk 0:07:43]} 52. Nd2 {[%clk 0:27:59]} Bb4
{[%clk 0:07:20]} 53. Nf3+ {[%clk 0:28:15]} Ke6 {[%clk 0:07:05]} 54. Nd4+
{[%clk 0:27:08]} Kf6 {[%clk 0:07:07]} 55. Nf3 {[%clk 0:27:08]} Bc5
{[%clk 0:07:25]} 56. Kd2 {[%clk 0:26:42]} Bf8 {[%clk 0:07:34]} 57. Kd3
{[%clk 0:27:00]} Ke6 {[%clk 0:07:54]} 58. Nd4+ {[%clk 0:26:52]} Kd6
{[%clk 0:07:06]} 59. Nb3 {[%clk 0:27:12]} Bh6 {[%clk 0:07:32]} 60. Nd4
{[%clk 0:25:22]} Kc5 {[%clk 0:05:10]} 61. Nc6 {[%clk 0:24:56]} g5
{[%clk 0:03:19]} 62. Ne5 {[%clk 0:22:37]} Kb4 {[%clk 0:03:27]} 63. Nd7
{[%clk 0:22:48]} Kxa4 {[%clk 0:03:44]} 64. Nxb6+ {[%clk 0:23:15]} Kxb5
{[%clk 0:04:10]} 65. Nxd5 {[%clk 0:23:37]} Bg7 {[%clk 0:03:29]} 66. Nc7+
{[%clk 0:20:00]} Kb4 {[%clk 0:03:28]} 67. Na6+ {[%clk 0:20:23]} Kb5
{[%clk 0:03:33]} 68. Nc7+ {[%clk 0:20:49]} Kc6 {[%clk 0:03:38]} 69. Ne6
{[%clk 0:21:10]} Bf6 {[%clk 0:03:57]} 70. Kc4 {[%clk 0:21:34]} Kd6
{[%clk 0:03:53]} 71. Nc5 {[%clk 0:21:26]} Kc6 {[%clk 0:03:07]} 72. Ne6
{[%clk 0:21:01]} Be7 {[%clk 0:03:11]} 73. Nd4+ {[%clk 0:21:23]} Kb6
{[%clk 0:03:07]} 74. Ne6 {[%clk 0:21:15]} a4 {[%clk 0:03:13]} 75. Nxg5
{[%clk 0:21:31]} Bxg5 {[%clk 0:03:38]} 76. Kb4 {[%clk 0:21:58]} Bxe3
{[%clk 0:04:03]} 1/2-1/2

[Event "MP do 16 lat - chlopcy"]
[Site "Sypniewo"]
[Date "2022.03.24"]
[Round "6.17"]
[White "Herwy, Jakub"]
[Black "Kubik, Rafal"]
[Result "1-0"]
[BlackElo "1732"]
[WhiteElo "1947"]
[LiveChessVersion "1.4.8"]

1. e4 {[%clk 1:30:57]} c5 {[%clk 1:30:51]} 2. Be2 {[%clk 1:31:04]} Nc6 3. f4
{[%clk 1:31:30]} d5 {[%clk 1:31:14]} 4. d3 {[%clk 1:31:56]} dxe4 {[%clk 1:31:29]}
5. dxe4 {[%clk 1:32:21]} Qxd1+ {[%clk 1:31:51]} 6. Bxd1 {[%clk 1:32:48]} e5
{[%clk 1:32:09]} 7. Nc3 {[%clk 1:22:29]} Bd6 {[%clk 1:23:10]} 8. f5
{[%clk 1:21:44]} g6 {[%clk 1:23:10]} 9. g4 {[%clk 1:16:00]} h5 {[%clk 1:16:48]}
10. fxg6 {[%clk 1:15:44]} hxg4 {[%clk 1:16:21]} 11. gxf7+ {[%clk 1:16:10]} Kxf7
{[%clk 1:16:49]} 12. Nge2 {[%clk 1:16:35]} Nf6 {[%clk 1:10:49]} 13. O-O
{[%clk 1:15:16]} Kg6 {[%clk 1:06:07]} 14. Ng3 {[%clk 1:14:15]} Nd4
{[%clk 0:59:53]} 15. Be3 {[%clk 1:09:31]} Be6 {[%clk 0:56:34]} 16. Nb1
{[%clk 0:53:20]} Nh5 {[%clk 0:47:45]} 17. c3 {[%clk 0:52:27]} Nxg3
{[%clk 0:46:59]} 18. hxg3 {[%clk 0:52:52]} Nc6 {[%clk 0:45:26]} 19. Kg2
{[%clk 0:52:10]} Be7 {[%clk 0:42:27]} 20. Nd2 {[%clk 0:50:31]} Bg5
{[%clk 0:41:15]} 21. Bxg5 {[%clk 0:49:39]} Kxg5 {[%clk 0:41:43]} 22. Bb3
{[%clk 0:49:39]} Rad8 {[%clk 0:38:50]} 23. Rf2 {[%clk 0:49:33]} Bxb3
{[%clk 0:37:29]} 24. Nxb3 {[%clk 0:48:45]} b6 {[%clk 0:36:41]} 25. Raf1
{[%clk 0:48:29]} Rd6 {[%clk 0:35:37]} 26. Rd2 {[%clk 0:33:44]} Rxd2+
{[%clk 0:35:20]} 27. Nxd2 {[%clk 0:34:09]} Rd8 {[%clk 0:35:07]} 28. Nc4
{[%clk 0:33:32]} Rd3 {[%clk 0:27:56]} 29. Rf5+ {[%clk 0:33:32]} Kg6
{[%clk 0:28:19]} 30. Rxe5 {[%clk 0:33:30]} Rd2+ {[%clk 0:28:19]} 31. Nxd2
{[%clk 0:33:53]} Nxe5 {[%clk 0:22:12]} 32. b3 {[%clk 0:32:00]} Kf6
{[%clk 0:19:35]} 33. Kf2 {[%clk 0:32:09]} b5 {[%clk 0:18:54]} 34. Ke3
{[%clk 0:31:57]} Ng6 {[%clk 0:17:58]} 35. b4 {[%clk 0:29:10]} cxb4
{[%clk 0:17:56]} 36. cxb4 {[%clk 0:29:35]} Ke6 {[%clk 0:17:03]} 37. Nb3
{[%clk 0:29:22]} Kd6 {[%clk 0:16:33]} 38. Nc5 {[%clk 0:27:36]} Ne5
{[%clk 0:14:08]} 39. Nd3 {[%clk 0:26:34]} Ng6 {[%clk 0:13:26]} 40. Kd4
{[%clk 0:56:53]} Ne7 41. Ne5 {[%clk 0:56:02]} Kd5+ 1-0

[Event "MP do 16 lat - chlopcy"]
[Site "Sypniewo"]
[Date "2022.03.24"]
[Round "6.18"]
[White "Wiatrowski, Zbigniew"]
[Black "Jendrowiak, Maciej"]
[Result "0-1"]
[BlackElo "1650"]
[WhiteElo "1880"]
[LiveChessVersion "1.4.8"]

1. e4 {[%clk 1:30:59]} c5 {[%clk 1:30:54]} 2. Nf3 {[%clk 1:31:16]} d6
{[%clk 1:31:01]} 3. Bb5+ {[%clk 1:31:39]} Bd7 {[%clk 1:31:20]} 4. c4
{[%clk 1:31:54]} Nf6 {[%clk 1:31:01]} 5. Nc3 {[%clk 1:32:09]} g6 {[%clk 1:30:50]}
6. O-O {[%clk 1:31:40]} Bg7 {[%clk 1:30:57]} 7. d4 {[%clk 1:29:31]} cxd4
{[%clk 1:30:51]} 8. Bxd7+ {[%clk 1:23:01]} Nbxd7 {[%clk 1:29:53]} 9. Nxd4
{[%clk 1:23:20]} O-O {[%clk 1:29:57]} 10. f3 {[%clk 1:19:20]} a6 {[%clk 1:28:20]}
11. Be3 {[%clk 1:13:04]} Rc8 {[%clk 1:25:29]} 12. Qb3 {[%clk 1:09:22]} Qc7
{[%clk 1:23:42]} 13. Nd5 {[%clk 1:08:06]} Nxd5 {[%clk 1:23:32]} 14. cxd5
{[%clk 1:08:28]} Qc4 {[%clk 1:18:45]} 15. Rac1 {[%clk 1:01:40]} Qxb3
{[%clk 1:18:46]} 16. axb3 {[%clk 1:02:08]} Nc5 {[%clk 1:18:27]} 17. Rc3
{[%clk 0:57:23]} a5 {[%clk 1:07:06]} 18. Rfc1 {[%clk 0:53:17]} Bxd4
{[%clk 1:00:14]} 19. Bxd4 {[%clk 0:53:40]} b6 {[%clk 1:00:37]} 20. Re1
{[%clk 0:41:55]} Rfd8 {[%clk 0:51:23]} 21. h4 {[%clk 0:37:57]} Rd7
{[%clk 0:46:29]} 22. h5 {[%clk 0:35:23]} g5 {[%clk 0:43:01]} 23. g3
{[%clk 0:33:10]} f6 {[%clk 0:41:58]} 24. f4 {[%clk 0:31:55]} gxf4
{[%clk 0:41:41]} 25. gxf4 {[%clk 0:32:19]} Kf7 {[%clk 0:41:20]} 26. Kf2
{[%clk 0:28:44]} Rg8 {[%clk 0:37:29]} 27. Kf3 {[%clk 0:28:43]} Rdd8
{[%clk 0:37:08]} 28. b4 {[%clk 0:24:57]} axb4 {[%clk 0:35:59]} 29. Rc4
{[%clk 0:24:26]} Ra8 {[%clk 0:31:56]} 30. e5 {[%clk 0:21:07]} fxe5
{[%clk 0:27:55]} 31. fxe5 {[%clk 0:21:32]} Rg5 {[%clk 0:25:42]} 32. e6+
{[%clk 0:16:47]} Kg8 {[%clk 0:25:25]} 33. Rg1 {[%clk 0:05:21]} Rf8+
{[%clk 0:23:59]} 34. Ke2 {[%clk 0:05:50]} Rff5 {[%clk 0:22:28]} 35. Rxb4
{[%clk 0:06:09]} Rxg1 {[%clk 0:22:18]} 36. Bxg1 {[%clk 0:06:38]} Rxd5
{[%clk 0:22:33]} 37. h6 {[%clk 0:05:24]} Nxe6 {[%clk 0:22:27]} 38. Rxb6
{[%clk 0:05:27]} Kf7 {[%clk 0:22:36]} 39. Rb7 {[%clk 0:04:30]} Re5+
{[%clk 0:21:41]} 40. Be3 {[%clk 0:34:26]} Nd4+ {[%clk 0:46:00]} 41. Kd3
{[%clk 0:33:33]} Nf5 {[%clk 0:39:59]} 42. Bf4 {[%clk 0:33:24]} Rd5+
{[%clk 0:39:59]} 43. Ke4 {[%clk 0:33:09]} Ke6 {[%clk 0:40:16]} 44. Rb8
{[%clk 0:32:43]} Rc5 {[%clk 0:36:51]} 45. Bd2 {[%clk 0:28:33]} Rc4+
{[%clk 0:34:31]} 46. Kf3 {[%clk 0:27:58]} Rc2 {[%clk 0:29:02]} 47. Ke2
{[%clk 0:27:09]} d5 {[%clk 0:26:35]} 48. b4 {[%clk 0:26:49]} Rb2 {[%clk 0:24:04]}
49. Rh8 {[%clk 0:26:18]} Nxh6 {[%clk 0:23:07]} 50. Rxh7 {[%clk 0:26:47]} Nf5
{[%clk 0:23:14]} 51. Rh8 {[%clk 0:26:28]} Nd4+ {[%clk 0:23:01]} 52. Kd3
{[%clk 0:26:43]} Nc6 {[%clk 0:23:04]} 53. Rh6+ {[%clk 0:25:21]} Kd7
{[%clk 0:23:18]} 54. Rh4 {[%clk 0:24:39]} Ne5+ {[%clk 0:23:04]} 55. Kc3
{[%clk 0:24:46]} Rxd2 {[%clk 0:23:09]} 56. Rh5 {[%clk 0:25:06]} Re2
{[%clk 0:23:11]} 57. Kd4 {[%clk 0:25:26]} Kd6 {[%clk 0:21:56]} 58. b5
{[%clk 0:25:55]} Rb2 {[%clk 0:19:37]} 59. Rh8 {[%clk 0:25:31]} Rxb5
{[%clk 0:19:43]} 60. Rd8+ {[%clk 0:25:56]} Nd7 {[%clk 0:19:44]} 61. Ke5+ Kxe5 0-1

[Event "MP do 16 lat - chlopcy"]
[Site "Sypniewo"]
[Date "2022.03.24"]
[Round "6.20"]
[White "Wesolek, Krzysztof"]
[Black "Karut, Kacper"]
[Result "1/2-1/2"]
[BlackElo "1763"]
[WhiteElo "1651"]
[LiveChessVersion "1.4.8"]

1. e4 {[%clk 1:30:56]} c5 {[%clk 1:30:57]} 2. Nc3 {[%clk 1:29:23]} Nc6
{[%clk 1:29:51]} 3. g3 {[%clk 1:29:06]} g6 {[%clk 1:28:35]} 4. Bg2
{[%clk 1:29:31]} Bg7 {[%clk 1:28:34]} 5. Nge2 {[%clk 1:29:50]} e6
{[%clk 1:25:46]} 6. O-O {[%clk 1:30:01]} Nge7 {[%clk 1:25:05]} 7. d3
{[%clk 1:30:25]} d6 {[%clk 1:21:04]} 8. Be3 {[%clk 1:27:34]} Nd4 {[%clk 1:16:50]}
9. Qd2 {[%clk 1:25:20]} O-O {[%clk 1:15:37]} 10. Nd1 {[%clk 1:07:15]} Nxe2+
{[%clk 1:08:06]} 11. Qxe2 {[%clk 1:07:43]} Bd7 {[%clk 1:07:40]} 12. c3
{[%clk 1:04:27]} Rc8 {[%clk 1:06:11]} 13. Qd2 {[%clk 1:01:55]} d5
{[%clk 1:02:22]} 14. Bg5 {[%clk 0:40:02]} f6 {[%clk 0:58:45]} 15. Bh6
{[%clk 0:39:57]} d4 {[%clk 0:57:01]} 16. Bxg7 {[%clk 0:40:18]} Kxg7
{[%clk 0:57:26]} 17. c4 {[%clk 0:39:06]} e5 {[%clk 0:55:32]} 18. f4
{[%clk 0:39:00]} exf4 {[%clk 0:52:22]} 19. gxf4 {[%clk 0:37:19]} f5
{[%clk 0:49:29]} 20. e5 {[%clk 0:36:14]} Bc6 {[%clk 0:48:58]} 21. a3
{[%clk 0:28:43]} Bxg2 {[%clk 0:35:57]} 22. Qxg2 {[%clk 0:21:31]} Qb6
{[%clk 0:35:50]} 23. Qg5 {[%clk 0:07:10]} Rc7 {[%clk 0:35:09]} 24. Rf2
{[%clk 0:07:01]} Qb3 {[%clk 0:34:05]} 25. Qg3 {[%clk 0:06:55]} a6
{[%clk 0:32:44]} 26. a4 {[%clk 0:05:54]} Nc6 {[%clk 0:19:31]} 27. Qf3
{[%clk 0:05:50]} Ne7 {[%clk 0:18:55]} 28. h4 {[%clk 0:03:57]} Qb6
{[%clk 0:17:29]} 29. h5 {[%clk 0:03:34]} gxh5 {[%clk 0:15:47]} 30. Rg2+
{[%clk 0:01:59]} Kh8 {[%clk 0:16:03]} 31. Nf2 {[%clk 0:01:30]} Ng6
{[%clk 0:14:53]} 32. Rg5 {[%clk 0:01:31]} Qxb2 {[%clk 0:12:00]} 33. Re1
{[%clk 0:01:39]} Qd2 {[%clk 0:11:42]} 34. Re2 {[%clk 0:00:35]} Qxf4
{[%clk 0:11:47]} 35. Qxh5 {[%clk 0:00:50]} Qc1+ {[%clk 0:06:43]} 36. Kh2
{[%clk 0:01:04]} Qf4+ {[%clk 0:05:13]} 37. Kg1 {[%clk 0:00:59]} Rg7
{[%clk 0:04:12]} 38. Nh3 {[%clk 0:01:02]} Qh4 {[%clk 0:02:24]} 39. Qxh4
{[%clk 0:00:57]} Nxh4 {[%clk 0:02:50]} 40. Rxg7 {[%clk 0:31:19]} Kxg7
{[%clk 0:33:17]} 41. Nf4 {[%clk 0:29:52]} Re8 {[%clk 0:31:27]} 42. e6
{[%clk 0:24:29]} Ng6 {[%clk 0:26:12]} 43. Nh5+ {[%clk 0:24:12]} Kf8
{[%clk 0:20:08]} 44. Kf2 {[%clk 0:11:33]} Ke7 {[%clk 0:16:11]} 45. Rb2
{[%clk 0:11:11]} Rb8 46. Rb6 Re8 47. Rb2 1/2-1/2

[Event "MP do 16 lat - chlopcy"]
[Site "Sypniewo"]
[Date "2022.03.24"]
[Round "6.21"]
[White "Trzebinski, Patryk"]
[Black "Wydmanski, Szymon"]
[Result "1/2-1/2"]
[BlackElo "1756"]
[WhiteElo "1711"]
[LiveChessVersion "1.4.8"]

1. e4 {[%clk 1:30:57]} c5 {[%clk 1:28:54]} 2. Nf3 {[%clk 1:31:19]} d6
{[%clk 1:29:16]} 3. d4 {[%clk 1:31:29]} cxd4 {[%clk 1:29:41]} 4. Nxd4
{[%clk 1:31:54]} Nf6 {[%clk 1:29:31]} 5. Nc3 {[%clk 1:32:21]} a6 {[%clk 1:29:52]}
6. Bc4 {[%clk 1:30:28]} e6 {[%clk 1:28:49]} 7. Bb3 {[%clk 1:29:56]} Nbd7
{[%clk 1:25:47]} 8. Bg5 {[%clk 1:28:24]} Nc5 {[%clk 1:22:46]} 9. Qe2
{[%clk 1:25:09]} Be7 {[%clk 1:15:40]} 10. O-O-O {[%clk 1:23:20]} Qc7
{[%clk 1:12:00]} 11. f4 {[%clk 1:21:12]} O-O {[%clk 1:08:04]} 12. g4
{[%clk 0:50:22]} b5 {[%clk 1:00:03]} 13. a3 {[%clk 0:49:18]} Bb7 {[%clk 0:55:20]}
14. Bxf6 {[%clk 0:49:10]} Nxb3+ {[%clk 0:55:34]} 15. cxb3 {[%clk 0:48:30]} Bxf6
{[%clk 0:55:18]} 16. g5 {[%clk 0:48:52]} Bxd4 {[%clk 0:51:39]} 17. Rxd4
{[%clk 0:49:12]} e5 {[%clk 0:49:27]} 18. fxe5 {[%clk 0:41:22]} dxe5
{[%clk 0:49:42]} 19. Rdd1 {[%clk 0:41:10]} b4 {[%clk 0:44:34]} 20. axb4
{[%clk 0:41:33]} Qe7 {[%clk 0:42:44]} 21. h4 {[%clk 0:33:41]} Rfc8
{[%clk 0:39:54]} 22. Rhf1 {[%clk 0:28:49]} Qxb4 {[%clk 0:31:52]} 23. Rd7
{[%clk 0:29:07]} Rxc3+ {[%clk 0:21:20]} 24. bxc3 {[%clk 0:27:24]} Qxc3+
{[%clk 0:21:46]} 25. Qc2 {[%clk 0:19:31]} Qa1+ {[%clk 0:13:56]} 26. Qb1
{[%clk 0:19:42]} Rc8+ {[%clk 0:14:16]} 27. Kd2 {[%clk 0:20:01]} Qc3+
{[%clk 0:14:25]} 28. Kd1 {[%clk 0:14:04]} Bxe4 {[%clk 0:12:58]} 29. Qxe4
{[%clk 0:14:26]} Qc1+ {[%clk 0:13:18]} 30. Ke2 {[%clk 0:14:54]} Rc2+
{[%clk 0:13:42]} 31. Qxc2 {[%clk 0:15:09]} Qxc2+ {[%clk 0:14:08]} 32. Ke1
{[%clk 0:15:19]} f5 {[%clk 0:06:58]} 33. gxf6 {[%clk 0:15:03]} Qe4+
{[%clk 0:05:13]} 34. Kd2 {[%clk 0:12:44]} Qg2+ {[%clk 0:03:47]} 35. Ke1
{[%clk 0:13:12]} gxf6 {[%clk 0:02:36]} 36. Rxf6 {[%clk 0:13:37]} Qg1+
{[%clk 0:01:01]} 37. Kd2 {[%clk 0:12:37]} Qg2+ {[%clk 0:00:36]} 38. Ke1
{[%clk 0:12:54]} Qg1+ {[%clk 0:00:51]} 39. Kd2 {[%clk 0:13:20]} Qh2+
{[%clk 0:01:17]} 40. Kd1 {[%clk 0:43:17]} Qxh4 {[%clk 0:31:32]} 41. Rfd6
{[%clk 0:39:17]} Qg4+ {[%clk 0:27:16]} 42. Kc2 {[%clk 0:37:17]} h5
{[%clk 0:26:59]} 43. Ra7 {[%clk 0:34:03]} Qf5+ {[%clk 0:16:27]} 44. Kc3
{[%clk 0:34:20]} Qf3+ {[%clk 0:13:06]} 45. Kb4 {[%clk 0:33:33]} a5+
{[%clk 0:09:11]} 46. Ka3 {[%clk 0:25:48]} Qf8 {[%clk 0:09:06]} 47. Rad7
{[%clk 0:26:16]} Qf5 {[%clk 0:06:18]} 1/2-1/2